000
002640000a22000970004500
100
1
_a
Butler, Phill
245
1
0
_a
Strategic evangelism partnerships and uniqueness of Christ
300
_a
Núm 73 (1996), Páginas 20-21
773
0
_t
World Evangelization
942
_c
ANA
999
_c
57552
_d
57552